000 00260nam a2200097Ia 4500
001 653916
005 20250826154507.0
008 250824s9999 xx 000 0 und d
245 0 _aYUTAYİLER ADASININ GİZEMİ
_cNAZLI ASPAY SENER
260 _bGENÇ HAYAT YAYINLARI
999 _c653916
_d653916